مسلہء خلا فت (Record no. 169774)

MARC details
000 -LEADER
fixed length control field 00626nam a22001937a 4500
005 - DATE AND TIME OF LATEST TRANSACTION
control field 20191203153234.0
010 ## - LCCN (DPL NO)
LC control number A-304736
020 ## - INTERNATIONAL STANDARD BOOK NUMBER
Terms of availability 25.00
International Standard Book Number -
035 ## - SYSTEM CONTROL NUMBER
System control number A-304736
037 ## - SOURCE OF ACQUISITION
Source of stock number/acquisition BPPD/Pub.
Stock number -
082 ## - DEWEY DECIMAL CLASSIFICATION NUMBER
Classification number 270
100 ## - MAIN ENTRY--PERSONAL NAME
Personal name ا بو ا لکلا م آ ز ا د
245 ## - TITLE STATEMENT
Title مسلہء خلا فت
Statement of responsibility, etc ا بو ا لکلا م آ ز ا د
246 ## - VARYING FORM OF TITLE
Remainder of title Maslaye Khilafat (Urdu)
Title proper/short title by Abul Kalam Aazad
260 ## - PUBLICATION, DISTRIBUTION, ETC. (IMPRINT)
Place of publication, distribution, etc N. Delhi
Name of publisher, distributor, etc Ataqad Publishing House
Date of publication, distribution, etc 1987 ء
270 ## - ADDRESS
Address 1491,Kotana Street Sui Walan,
City N.Delhi
Postal code 110002
Telephone number -
Fax number -
300 ## - PHYSICAL DESCRIPTION
Extent 334 ص
Dimensions 22 Cm(Hb)
942 ## - ADDED ENTRY ELEMENTS (KOHA)
Source of classification or shelving scheme Dewey Decimal Classification
Item type Urdu Bks
Classification part 270
Call number suffix ا ب و
Holdings
Withdrawn status Lost status Not for loan Collection code Home library Current library Date acquired Source of acquisition Cost, normal purchase price Full call number Barcode Copy number Cost, replacement price Koha item type
      Non-fiction Central Library Central Library 03/12/2019 BPPD/PUB. 25.00 270 ا ب و A-304736 1 25.00 Urdu Bks

© Delhi Public Library
Hit Counter
free hit counter